| 000 | 00767cab a22002175a 4500 | ||
|---|---|---|---|
| 001 | L152444 | ||
| 008 | 110308s2011 xxka f 000 0 eng d | ||
| 035 | _a(Sirsi) u152444 | ||
| 041 | 0 | _aeng | |
| 100 | 1 | _aGrounds, Alexandra | |
| 245 | 0 | 0 | _aWhat is BIM and what does it mean to the surveyor? |
| 260 | _c2011 | ||
| 490 |
_aCivil Engineering Surveyor _vMarch 2011, 38-39(2) |
||
| 520 | _aBuilding information modelling or BIM has not been adopted as readily in the UK as it has in the USA, Australia and some Nordic countries; what it is, cost implications, and how adopting BIM can change a business. | ||
| 590 | _aKA | ||
| 650 | 2 | 4 | _aBUILDING INFORMATION MODELLING |
| 650 | 2 | 4 |
_aBIM _96219 |
| 651 | 4 |
_aUnited Kingdom _y |
|
| 690 |
_aBIM _96219 |
||
| 942 | _n0 | ||
| 999 |
_c82965 _d82965 |
||